| 000 | 00895nam a2200217Ia 4500 | ||
|---|---|---|---|
| 001 | 14276 | ||
| 005 | 20260417175629.0 | ||
| 008 | 260306t2009||||xx |||||||||||||| ||spa|| | ||
| 041 | _aESP | ||
| 082 |
_a511 _bD56 |
||
| 100 |
_aDemana, Franklin D. _eAUT |
||
| 245 | 0 | _aMatemáticas universitarias introductorias con nivelador Mymathlab tutor interactivo online | |
| 260 | _c2009 | ||
| 300 |
_avarias paginaciones : _c27 cm. |
||
| 650 | _aGEN | ||
| 654 | _aCMA | ||
| 856 |
_uhttps://itmsp.museknowledge.com/UCSP?url=https://www.ebooks7-24.com:443/?il=3502&pg=1 _zVersión digital |
||
| 856 |
_uhttps://0u213wx8l-y-https-ebooks7--24-com.itmsp.museknowledge.com/biblioteca.aspx _zVéase además: Base de datos Ebook7-24 |
||
| 856 |
_uhttps://0u21dwx8s-y-https-ebooks-editorialmacro-com.itmsp.museknowledge.com/library _zVéase además: Base de datos Macro Digital |
||
| 942 |
_cLIB _dJUS _fJUS _2ddc |
||
| 999 |
_c14276 _d14276 |
||